Human Resource Management (Record no. 349580)

000 -LEADER
fixed length control field 00475nam a22001817a 4500
003 - CONTROL NUMBER IDENTIFIER
control field OSt
005 - DATE AND TIME OF LATEST TRANSACTION
control field 20180116182953.0
008 - FIXED-LENGTH DATA ELEMENTS--GENERAL INFORMATION
fixed length control field 140101b xxu||||| |||| 00| 0 eng d
020 ## - INTERNATIONAL STANDARD BOOK NUMBER
International Standard Book Number 9788131761212
040 ## - CATALOGING SOURCE
Original cataloging agency 0
Transcribing agency 0
082 ## - DEWEY DECIMAL CLASSIFICATION NUMBER
Classification number 658.3 PAN 2012
100 ## - MAIN ENTRY--PERSONAL NAME
Personal name Sharon Pande
245 ## - TITLE STATEMENT
Title Human Resource Management
Remainder of title Text and Cases
Statement of responsibility, etc. Sharon Pande
260 ## - PUBLICATION, DISTRIBUTION, ETC.
Place of publication, distribution, etc. Delhi. Chennai
Name of publisher, distributor, etc. Pearson
Date of publication, distribution, etc. 2012
300 ## - PHYSICAL DESCRIPTION
Extent 744p
Other physical details PB
440 ## - SERIES STATEMENT/ADDED ENTRY--TITLE
Title Human Resource Management
942 ## - ADDED ENTRY ELEMENTS (KOHA)
Source of classification or shelving scheme
Koha item type Book
Holdings
Withdrawn status Lost status Source of classification or shelving scheme Damaged status Not for loan Collection code Permanent Location Current Location Shelving location Date acquired Total Checkouts Total Renewals Full call number Barcode Date last seen Date last checked out Price effective from Koha item type
            Central Library (CL) Central Library (CL) General Stacks 01/01/2014 2 1 658.3 PAN 2012 NBS9060 01/15/2022 10/20/2021 01/01/2014 Book
© 2023 Central Library, National University of Sciences and Technology. All Rights Reserved.